000
00333nam a2200145Ia 4500
005
20251222140112.0
008
251222s1900||||xx |||||||||||||| ||spa||
020
_a
8486067316
082
_a
509/G13
100
_a
Gafo, J.
245
0
_a
¿Ciencia sin Conciencia?
250
_a
1ra. ed.
264
_b
Arte Grafica Soler
942
_c
LIB
999
_c
4349
_d
4349